Cuentos de lugares encantados (Registro nro. 14712)

Detalles MARC
000 -CABECERA
Longitud fija campo de control 00584nam a2200205 a 4500
003 - • IDENTIFICADOR DELl NÚMERO DE CONTROL
Identificador del número de control CO-ViMGA
008 - • CÓDIGOS DE INFORMACIÓN DE LONGITUD FIJA
Códigos de información de longitud fija 141112s2004 ck r 000 u spa d
040 ## - FUENTE DE LA CATALOGACIÓN
Centro catalogador de origen CO-ViMGA
Lengua de catalogación spa
Centro transcriptor CO-ViMGA
082 04 - • NÚMERO DE LA CLASIFICACIÓN DECIMAL DEWEY
Número de clasificación (R) Co863 C835le
245 10 - • TITULO PROPIAMENTE DICHO
Título Cuentos de lugares encantados
300 ## - • DESCRIPCIÓN FÍSICA
Extensión 120 p : il
490 ## - • MENCIÓN DE SERIE
Mención de serie Latinoaméricana
500 ## - • NOTA GENERAL
Nota general Este libro tambien esta en Braille.
590 ## - NOTAS LOCALES
Nota local Ejemplares : 2 + 4 en braille
650 14 - • PUNTO DE ACCESO ADICIONAL DE MATERIA - TÉRMINO DE MATERIA
Término de materia o nombre geográfico como elemento inicial CUENTOS INFANTILES
650 14 - • PUNTO DE ACCESO ADICIONAL DE MATERIA - TÉRMINO DE MATERIA
Término de materia o nombre geográfico como elemento inicial CUENTOS LATINOAméricaNOS
942 ## - ENTRADA DE ELEMENTOS AGREGADOS (KOHA)
Fuente de clasificaión o esquema Dewey Decimal Classification
Koha [por defecto] tipo de item LIbro

No hay ítems disponibles.










Instituto Departamental de Cultura del Meta - Red Departamental de Bibliotecas Públicas del Meta.